000 00304nam a22001337a 4500
008 181016b xxu||||| |||| 00| 0 eng d
020 _a0155814206
041 _aeng
080 _a316
100 _a50
101 _aSOC
245 _aSocial Change in the Twentieth Century
_cChirot,D
942 _2udc
_cBK
999 _c49811
_d49811